| 000 | 00724nam a2200217 a 4500 | ||
|---|---|---|---|
| 001 | 000021138 | ||
| 005 | 20200930011238.0 | ||
| 008 | 100831s1965 sp ab r 000 0 spa d | ||
| 040 |
_aDO-SdBNP _bspa _cBNPHU |
||
| 041 | 1 | 7 |
_aspa _hfre _2Código de idioma MARC |
| 082 |
_annnn _bD438e |
||
| 100 | 1 |
_aDerruau, Max, _944199 |
|
| 240 | 1 | 2 |
_aL´Europe. _lEspañol. |
| 245 | 1 | 0 |
_aEuropa / _cMax Derruau ; traducción de Francisco Payarols. |
| 260 |
_aBarcelona : _bLabor, _c1965. |
||
| 300 |
_a544 p. : _bill., maps ; _c23 cm. |
||
| 504 | _aIncluye referencias bibliográficas y notas al pie de las páginas. | ||
| 534 |
_pTítulo original en francés: _tL´Europe. |
||
| 700 | 1 |
_aPayarols, Fracisco, _etr. _944200 |
|
| 049 | _aBNGR | ||
| 999 |
_c20640 _d20640 |
||